000 00753nam a2200253Ia 4500
003 OSt
005 20220926021653.0
006 a|||||r|||| 00| 0
007 ta
008 220923b |||||||| |||| 00| 0 eng d
020 _a9211422515
037 _cGeneral Book
040 _aRTL
_cRTL
_beng
041 _2eng
_aeng
082 _aV:19(zT)n.P04, P4
110 _aUNITED NATIONS, DISARMAMENT AFFAIRS (Deptt. of-)
_9326623
245 0 _aUnited Nations disarmament yearbook
260 _aNew York
_bUnited Nations
_c2005
300 _axiii, 489p
_ccm.
500 _aApp.: 257p
700 _aUNITED NATIONS, DISARMAMENT AFFAIRS (Deptt. of-)
_9326624
942 _hV:19(zT)n.P04, P4
_cGB
_2CC
999 _c637390
_d637390